Numbers of stuff - Statistics

General Stats
  • This quiz has been taken 19 times
  • The average score is 8 of 20
Answer Stats
Question # % Correct
How many months are there in the year? 12
100%
How many legs are there on an Octopus? 8
86%
How many Wheels on a car? 4
71%
How many corners and sides are on a square? 4
64%
How many factors does the number 12 have? 6
64%
How much countries are there in the Caribbean? 13
57%
How many countries are there in the world? 196
57%
How many Keys are there on the regular piano? 88
57%
How many countries are there in North America? 23
50%
How many States are there in Mexico? 31
29%
How many quizzes are there in the Generalissimo badge (Jetpunk)? 100
21%
How many factors does the number 576 have? 21
21%
How many Provinces are there in Japan? 47
21%
How many squares are on Snake and Ladders? 100
14%
How many volcanos are there in the ring of fire? 452
14%
How many Provinces are in Vietnam? 58
14%
How many cities are there in Europe? 800
14%
How many divisions are there in Russia? 85
14%
How many General Knowledge quizzes are on Jetpunk? 212
7%
How many factors factors does the number 2304 have? 27
7%
No matching quizzes found
Score Distribution
Percent of People with Each Score
Percentile by Number Answered
Your Score History
You have not taken this quiz